世界陸上男子100m歴代優勝者 -sudden death- - Statistics

General Stats
  • This quiz has been taken 79 times
  • The average score is 3 of 12
Answers on the Grid
Answers color-coded by a green-red scale on the quiz's grid according to % correct below.
ウサイン・ボルト
アサファ・パウエル
クリスチャン・コールマン
サニブラウンアブデルハキーム
トレイボン・ブロメル
キシェーン・トンプソン
キム・コリンズ
ベン・ジョンソン
マルセル・ジェイコブス
カール・ルイス
ノア・ライルズ
蘇炳添
リンフォード・クリスティ
アカニ・シンビネ
ジャスティン・ガトリン
ウォルター・ディックス
ヨハン・ブレイク
ドノバン・ベイリー
フェミ・オグノデ
デリック・アトキンス
モーリス・グリーン
レツィレ・テボゴ
ファーディナンド・オムルワ
ネスタ・カーター
フレッド・カーリー
アト・ボルドン
タイソン・ゲイ
オルソジ・ファスバ
マイケル・ジョンソン
ケニー・ベドナレク
ザーネル・ヒューズ
アンドレ・ドグラス
エリヨン・ナイトン
リロイ・バレル
 
Answer Stats
Answer % Correct
ウサイン・ボルト
98%
カール・ルイス
33%
ノア・ライルズ
30%
タイソン・ゲイ
25%
クリスチャン・コールマン
23%
ジャスティン・ガトリン
23%
ヨハン・ブレイク
10%
モーリス・グリーン
10%
キム・コリンズ
8%
フレッド・カーリー
8%
ドノバン・ベイリー
5%
リンフォード・クリスティ
3%
No matching quizzes found
Score Distribution
Percent of People with Each Score
Percentile by Number Answered
Your Score History
You have not taken this quiz